000 00730nam a2200217Ii 4500
003 JO-AjNU
008 230605s9999||||xx |||||||||||||| ||und||
017 _a2000/7/2147
040 _aJO-AjNU
_bara
_erda
_cJO-AjNU
041 _aara
050 1 4 _aLB1028.3.G326 2000
100 3 _aغزاوي، محمد ذيبان ,
_eauthor
_957493
245 0 0 _aالاسس النفسيه لتكنولوجيا التعليم
250 _aط1
264 3 1 _aعمان: المولف،2000
300 _a315ص
_bببليوجرافيا313-315
336 _atext
_btxt
_2rdacontent
337 _aunmediated
_bn
_2rdamedia
338 _avolume
_bnc
_2rdacarrier
650 4 _aالتربيه والتعليم-تكنولوجيا التعليم
_957494
999 _aA25769
_c29337
_d29337